Guess the country by its flag (Extremely Hard) - Statistics

General Stats
  • This quiz has been taken 172 times
  • The average score is 24 of 30
Answer Stats
Picture Answer % Correct
Bhutan
92%
Eswatini
86%
Seychelles
86%
Monaco
85%
Nauru
83%
Fiji
82%
Maldives
82%
Andorra
81%
Lesotho
81%
Liechtenstein
80%
Micronesia
80%
Brunei
79%
Dominica
79%
San Marino
79%
Tuvalu
79%
Comoros
78%
Kiribati
78%
Suriname
77%
Vanuatu
77%
Antigua and Barbuda
76%
Palau
76%
Saint Lucia
76%
Saint Kitts and Nevis
75%
Grenada
74%
São Tomé and Príncipe
74%
Central African Republic
73%
Marshall Islands
73%
Saint Vincent and the Grenadines
72%
East Timor
69%
Equatorial Guinea
68%
No matching quizzes found
Score Distribution
Percent of People with Each Score
Percentile by Number Answered
Your Score History
You have not taken this quiz